Central Library || Chittagong University

Foundations of climatology : (Record no. 110914)

MARC details
000 -LEADER
fixed length control field 00520nam a22001697a 4500
003 - CONTROL NUMBER IDENTIFIER
control field BD-ChCU
005 - DATE AND TIME OF LATEST TRANSACTION
control field 20260112114702.0
008 - FIXED-LENGTH DATA ELEMENTS--GENERAL INFORMATION
fixed length control field 260112b bg ||||| |||| 00| 0 ben d
040 ## - CATALOGING SOURCE
Transcribing agency BD-ChCU
082 ## - DEWEY DECIMAL CLASSIFICATION NUMBER
Classification number 551.6 STF
100 ## - MAIN ENTRY--PERSONAL NAME
Personal name Stringer, E. T.
9 (RLIN) 18998
245 ## - TITLE STATEMENT
Title Foundations of climatology :
Remainder of title an introduction to physical, dynamic, synoptic & geographical climatology.//
Statement of responsibility, etc. E. T. Stringer.
260 ## - PUBLICATION, DISTRIBUTION, ETC.
Place of publication, distribution, etc. San Francisco.
Name of publisher, distributor, etc. Freeman
Date of publication, distribution, etc. 1972
300 ## - PHYSICAL DESCRIPTION
Extent xiii, 586p
650 #0 - SUBJECT ADDED ENTRY--TOPICAL TERM
Topical term or geographic name entry element Climate.
9 (RLIN) 19002
942 ## - ADDED ENTRY ELEMENTS (KOHA)
Source of classification or shelving scheme Dewey Decimal Classification
Koha item type Books
Suppress in OPAC No
Holdings
Withdrawn status Lost status Source of classification or shelving scheme Damaged status Not for loan Home library Current library Shelving location Date acquired Source of acquisition Total Checkouts Full call number Barcode Date last seen Copy number Price effective from Koha item type
    Dewey Decimal Classification     Chittagong University Library Chittagong University Library Science Reading Room 01/12/2026 Purchase   551.6 STF 144447 01/12/2026 C-1 01/12/2026 Books
    Dewey Decimal Classification     Chittagong University Library Chittagong University Library Science Reading Room 01/12/2026 Purchase   551.6 STF 184784 01/12/2026 C-2 01/12/2026 Books
    Dewey Decimal Classification     Chittagong University Library Chittagong University Library Science Reading Room 01/12/2026 Purchase   551.6 STF 214013 01/12/2026 C-3 01/12/2026 Books
    Dewey Decimal Classification     Chittagong University Library Chittagong University Library Science Reading Room 01/12/2026 Purchase   551.6 STF 214014 01/12/2026 C-4 01/12/2026 Books
    Dewey Decimal Classification     Chittagong University Library Chittagong University Library Science Reading Room 01/12/2026 Purchase   551.6 STF 232891 01/12/2026 C-5 01/12/2026 Books
    Dewey Decimal Classification     Chittagong University Library Geography and Environmental Studies Seminar Library Science Reading Room 01/12/2026 Purchase   551.6 STF 232892 01/12/2026   01/12/2026 Books
© Copyright 2025. Chittagong University Library, Installation and Maintenance by Prof. Dr. Md. Alamgir, 01711306253